000 00506nam a2200145 4500
999 _c784
_d784
008 191218b ||||| |||| 00| 0 eng d
082 0 0 _a629.1323
_bP9854
100 _9183
_aPurday, H. F. P.
245 1 0 _aStreamline Flow: An Introduction to the Mechanics of Viscous Flow, Film Lubrication, the Flow of Heat by Conduction , and Heat Transfer by Convection
_cby H F P Purday
250 _a1st ed.
260 _aLondon
_bConstable
_c1949
300 _aviii, 185 p.
650 0 _aFluid Mechanics
942 _2ddc
_cBK